Premiums in the private rented sector (Record no. 112962)
[ view plain ]
| 000 -LEADER | |
|---|---|
| fixed length control field | 01116cad a22001935a 4500 |
| 001 - CONTROL NUMBER | |
| control field | E154382 |
| 008 - FIXED-LENGTH DATA ELEMENTS--GENERAL INFORMATION | |
| fixed length control field | 111122s2011 xxk f 000 0 eng d |
| 035 ## - SYSTEM CONTROL NUMBER | |
| System control number | (Sirsi) u154382 |
| 041 0# - LANGUAGE CODE | |
| Language code of text/sound track or separate title | eng |
| 110 2# - MAIN ENTRY--CORPORATE NAME | |
| Corporate name or jurisdiction name as entry element | Shelter Scotland |
| 9 (RLIN) | 3573 |
| 245 00 - TITLE STATEMENT | |
| Title | Premiums in the private rented sector |
| Medium | [electronic resource] |
| 260 ## - PUBLICATION, DISTRIBUTION, ETC. | |
| Place of publication, distribution, etc. | [Scotland] |
| Name of publisher, distributor, etc. | Shelter Scotland |
| Date of publication, distribution, etc. | 2011 |
| 520 ## - SUMMARY, ETC. | |
| Summary, etc. | Presents the results of a 'mystery shopping' exercise to investigate the nature and levels of 'premiums' charged by letting agents to new tenants. 26 out of the 30 letting agencies contacted as part of the exercise charged an upfront fee, ranging from £16.80 to £180, and usually described as an 'administration fee' to cover things such as credit checks. The report suggests that such charges are unfair and damaging to tenants. |
| 590 ## - LOCAL NOTE (RLIN) | |
| Local note | KA |
| 651 #4 - SUBJECT ADDED ENTRY--GEOGRAPHIC NAME | |
| Geographic name | Scotland |
| Chronological subdivision | 1999- |
| 690 ## - LOCAL SUBJECT ADDED ENTRY--TOPICAL TERM (OCLC, RLIN) | |
| Topical term or geographic name as entry element | PROPERTY-LEASEHOLD PROPERTY-LANDLORD AND TENANT |
| 856 40 - ELECTRONIC LOCATION AND ACCESS | |
| Uniform Resource Identifier | <a href="https://scotland.shelter.org.uk/__data/assets/pdf_file/0011/396920/Premiums_Evidence_Report_-_FINAL.pdf">https://scotland.shelter.org.uk/__data/assets/pdf_file/0011/396920/Premiums_Evidence_Report_-_FINAL.pdf</a> |
| Public note | View the report free of charge at http://scotland.shelter.org.uk |
| 942 ## - ADDED ENTRY ELEMENTS (KOHA) | |
| Suppress in OPAC | 0 |
| Withdrawn status | Lost status | Source of classification or shelving scheme | Damaged status | Not for loan | Home library | Current library | Shelving location | Date acquired | Total Checkouts | Full call number | Barcode | Date last seen | Copy number | Price effective from | Koha item type |
|---|---|---|---|---|---|---|---|---|---|---|---|---|---|---|---|
| Dewey Decimal Classification | Virtual | Virtual | Online | 22/11/2011 | ONLINE PUBLICATION | 154382-2001 | 06/08/2019 | 1 | 06/08/2019 | Book |